El ejercicio de los derechos del accionista en ocasión de su muerte (Registro nro. 20923)
[ vista simple ]
| 000 -LEADER | |
|---|---|
| fixed length control field | 00361 a2200109 4500 |
| 001 - CONTROL NUMBER | |
| control field | ART_40919 |
| 005 - DATE AND TIME OF LATEST TRANSACTION | |
| control field | 20260410161805.0 |
| 008 - FIXED-LENGTH DATA ELEMENTS--GENERAL INFORMATION | |
| fixed length control field | 260409a |
| 100 1# - MAIN ENTRY--PERSONAL NAME | |
| Personal name | Barreiro, Marcelo G. |
| 245 10 - TITLE STATEMENT | |
| Title | El ejercicio de los derechos del accionista en ocasión de su muerte |
| 773 0# - HOST ITEM ENTRY | |
| Title | Doctrina Societaria y Concursal |
| Related parts | - Nº 349 (dic. 2016) |
| Record control number | REV4298 |
No hay ítems disponibles.